000 00821nam a2200265Ia 4500
003 OSt
005 20220927120056.0
006 a|||||r|||| 00| 0
007 ta
008 220926b |||||||| |||| 00| 0 eng d
020 _c1800.00
024 _a77427
037 _b"11232, 21/06/2006, GOVINDA BOOK HOUSE"
_cReference Collections
040 _aRTL
_cRTL
_beng
041 _2eng
_aeng
082 _a"Y72k, P4.1-P4.2/RR"
100 _aMohanty P K
245 0 _aEncyclopedia of primitive tribes in India. 2 V. By
260 _aDelhi
_bKalpaz Publication
_c2004
300 _a"x, 648p"
_ccm.
490 _vV 1
650 _aSociology
942 _h"Y72k, P4.1-P4.2/RR"
_cCC
999 _c707191
_d707191